000 00288nam a2200109Ia 4500
008 220204s9999 xx 000 0 und d
082 _a005
_bBAS
245 0 _aBasic science. Revised edition
260 _aLondon
_bFEP
505 _aSmall books in cover box (kept in DO's room)
942 _cBK
999 _c32021
_d32021